00410nam a2200157Ia 4500003000400000008004100004040001600045082001300061100002200074245005700096700002100153260003100174300001000205650001500215650002200230GCL140319s9999 xx 000 0 eng d aGCL / cGCL04a843bN L1 aNABOKOV, VLADIMIR10aLITTERATURESIII: DON QUICHOTTE / cNABOKOV, VLADIMIR1 aPASQUIER, HELONE a[S.N] : bFAYARD ، c1986 a377 P04aLITERATURE04aFRENCH LITERATURE